| 000 | 00622nam a2200217Ia 4500 | ||
|---|---|---|---|
| 005 | 20241129104211.0 | ||
| 008 | 241129s9999||||xx |||||||||||||| ||und|| | ||
| 020 | _a195067746 | ||
| 037 | _aTextual | ||
| 040 |
_aRTL _beng _cRTL |
||
| 041 |
_aeng _2eng |
||
| 084 |
_aXv M9 _qRTL |
||
| 100 |
_aAbu-Lughod Janet L. _9115283 |
||
| 245 | 0 |
_aBefore European hagemony: The world system A,D. 1250-1350 _cAbu-Lughod Janet L. |
|
| 260 |
_aNew York _bOxford University Press _c1989 |
||
| 300 | _axiii,443p. | ||
| 365 |
_aINR _b3586.33 |
||
| 650 | _aSociology | ||
| 942 |
_cTB _hXv M9 |
||
| 999 |
_c1224848 _d1224848 |
||